Μάριος : θεατρικό έργο σε μέρη τρία

Αποθηκεύτηκε σε:
Λεπτομέρειες βιβλιογραφικής εγγραφής
Κύριος συγγραφέας: Βαλδασερίδης, Παύλος
Μορφή: Βιβλίο
Γλώσσα:Greek
Δημοσίευση: Λάρνακα Κύπρου : Φιλοκαλίας, 1913
Θέματα:
Ετικέτες: Προσθήκη ετικέτας
Δεν υπάρχουν, Καταχωρήστε ετικέτα πρώτοι!

MARC

LEADER 00000cam a2200000 i 4500
001 1/62330
008 141219s1913 gre d
035 |l 10120210 
040 |a GR-MY-UA  |b gre  |e aacr 
041 0 |a gre 
082 0 |a 889.1  |2 (23) 
100 1 |a Βαλδασερίδης, Παύλος. 
245 1 0 |a Μάριος :  |b θεατρικό έργο σε μέρη τρία /  |c Παύλος Βάλδας 
260 |a Λάρνακα Κύπρου :   |b Φιλοκαλίας,   |c 1913 
300 |a 46 σ.;  |c 24 εκ. 
650 0 0 |a Greek literature, Modern  |z Cyprus. 
852 |a INST  |b RHODES  |e 20141219  |h 889.1 ΒΑΛ  |p 005400037345  |q 005400037345  |t BK  |y 0 
901 |a BIBL4-2014-3 
909 |a Ρ  |b 183666 
922 |a 4ΕΛΗ 
970 |z 2014/12/19